000
00344 a2200157 4500
001
156333
020
_a
9788571533417
040
_c
Escola São Tomás de Aquino
100
_a
LANZNASTER, Roberto
240
1
0
_a
Imaginarium
_l
por
245
1
0
_a
Imaginarium
300
_a
119
362
0
_a
2014
697
_a
*LITERATURA JUVENIL
942
_c
BK
999
_c
156333
_d
156333